Normal view MARC view

Entry Corporate Name

Number of records used in: 1

001 - CONTROL NUMBER

  • control field: 1357

003 - CONTROL NUMBER IDENTIFIER

  • control field: OSt

005 - DATE AND TIME OF LATEST TRANSACTION

  • control field: 20110420161055.0

008 - FIXED-LENGTH DATA ELEMENTS

  • fixed length control field: 110420|||a|||||| | ||| d

040 ## - CATALOGING SOURCE

  • Original cataloging agency: OSt
  • Transcribing agency: OSt

110 ## - HEADING--CORPORATE NAME

  • Corporate name or jurisdiction name as entry element: Great Britain.
  • Form subheading: Laws, statutes, etc. [from old catalog]

670 ## - SOURCE DATA FOUND

  • Source citation: Work cat.: (OSt)0: Chalmers, Mackenzie Dalzell Edwin Stewart, Sir, 1847-1927, ed. 1352, Chalmer's Sale of goods act, 1893, including the Factors acts, 1889 & 1890., 1945.